Statistics for Biggest City in Countries of the European Union

Click here to take the quiz!

General Stats

  • This quiz has been taken 69 times
    (34 since last reset)
  • The average score is 25 of 28

Answer Stats

CountryBiggest City% Correct
NetherlandsAmsterdam
97%
GreeceAthens
97%
BelgiumBrussels
97%
DenmarkCopenhagen
97%
FinlandHelsinki
97%
United KingdomLondon
97%
SpainMadrid
97%
FranceParis
97%
Czech RepublicPrague
97%
ItalyRome
97%
SwedenStockholm
97%
AustriaVienna
97%
GermanyBerlin
93%
RomaniaBucharest
93%
HungaryBudapest
93%
IrelandDublin
93%
PortugalLisbon
93%
PolandWarsaw
93%
LuxembourgLuxembourg
90%
CyprusNicosia
90%
LatviaRiga
90%
BulgariaSofia
90%
CroatiaZagreb
90%
LithuaniaVilnius
86%
SlovakiaBratislava
83%
EstoniaTallinn
76%
SloveniaLjubljana
72%
MaltaValletta
59%

Score Distribution

Percentile by Number Answered

Percent of People with Each Score

Your Score History

You have not taken this quiz since the last reset